Detalles MARC
| 000 -CABECERA |
| campo de control de longitud fija |
02700nam a22002537a 4500 |
| 003 - IDENTIFICADOR DEL NÚMERO DE CONTROL |
| campo de control |
DO-SdBNP |
| 005 - FECHA Y HORA DE LA ÚLTIMA TRANSACCIÓN |
| campo de control |
20220622110045.0 |
| 007 - CAMPO FIJO DE DESCRIPCIÓN FÍSICA--INFORMACIÓN GENERAL |
| campo de control de longitud fija |
ta |
| 008 - DATOS DE LONGITUD FIJA--INFORMACIÓN GENERAL |
| campo de control de longitud fija |
210716b 2018 dr 00| 0 eng d |
| 020 ## - NÚMERO INTERNACIONAL ESTÁNDAR DEL LIBRO |
| Número Internacional Estándar del Libro |
9789945168983 |
| 040 ## - FUENTE DE LA CATALOGACIÓN |
| Centro catalogador/agencia de origen |
DO-SdBNP |
| Lengua de catalogación |
spa |
| Centro/agencia transcriptor |
BNPHU |
| 082 #4 - NÚMERO DE LA CLASIFICACIÓN DECIMAL DEWEY |
| Número de edición |
22 |
| 100 1# - ENTRADA PRINCIPAL--NOMBRE DE PERSONA |
| Nombre de persona |
Fernández Martínez, Sandra Margarita, |
| Fechas asociadas al nombre |
1970- |
| 9 (RLIN) |
79264 |
| 245 10 - MENCIÓN DE TÍTULO |
| Título |
Ensayo sobre prácticas del proceso de saneamiento : |
| Resto del título |
dirigido a estudiantes y abogados principiantes en el Derecho Inmobiliario / |
| Mención de responsabilidad, etc. |
Sandra Margarita Fernández Martínez ; prólogo Lusnelda Solís Taveras. |
| 260 ## - PUBLICACIÓN, DISTRIBUCIÓN, ETC. |
| Lugar de publicación, distribución, etc. |
Santo Domingo : |
| Nombre del editor, distribuidor, etc. |
Búho, |
| Fecha de publicación, distribución, etc. |
2018. |
| 300 ## - DESCRIPCIÓN FÍSICA |
| Extensión |
242 p. ; |
| Dimensiones |
23 cm. |
| 500 ## - NOTA GENERAL |
| Nota general |
Incluye datos biográficos del autor en las solapas |
| 504 ## - NOTA DE BIBLIOGRAFÍA, ETC. |
| Nota de bibliografía, etc. |
Bibliografía : p. 241-242 |
| 505 0# - NOTA DE CONTENIDO CON FORMATO |
| Nota de contenido con formato |
Prólogo / Lusnelda Solís Taveras, 13.-- Advertencia, 17.-- Generalidades, 19.-- Significado de la palabra posesión, 21.-- Definición de la palabra ensayo, 22.-- Definición de la Ley 108-05. Definición de Sistema Torrens. Definición de Saneamiento, 23.-- Definición del Abogado del Estado, 24.-- Dirección Nacional de Registro de Títulos. Oficinas de Registro de Títulos. Significado de Ley Marco, 25.-- Introducción, 27.-- Exégesis, 31.-- El proceso de saneamiento y tribunal competente, 37.-- Apoderamiento del Tribunal de Jurisdicción Original en materia de saneamiento, 47.-- Conformación del Tribunal de Jurisdicción Original, 51.-- Principios generales, 53.-- Diferencia entre deslinde, saneamiento y mensura, 61.-- De la contribución especial, 113.-- Cantidad de audiencias que se pueden celebrar en el proceso de saneamiento, 115.-- Citaciones de los colindantes, 117.-- Formas en que puede ser atacada la sentencia emitida por el Tribunal de Jurisdicción Original (T.J.O.), 121.-- Dela reclamación, 123.-- Pruebas en que deben basarse las posesiones, 127.-- Las costas del procedimiento en materia de saneamiento, 129.-- De las mejoras, 131.-- Sobre la prescripción, 133.-- El referimiento en el saneamiento, 135.-- Derechos de los herederos en materia de saneamiento, 141.-- ¿Es obligatorio que el estado civil del reclamante sea casado para que pueda registrarse en comunidad con su pareja un inmueble objeto de saneamiento?, 157.-- Derecho de propiedad que tienen los ayuntamientos sobre los terrenos del municipio, 161.-- Papel del Abogado-Agrimensor en los procesos, 167.-- Publicidad de las actuaciones y decisiones, 169.-- Caso suigeneris (Caso único). La parcela 28 del D.C. #10 del Municipio de San Ignacio de Sabaneta, Provincia Santiago Rodríguez, 171.-- |
| 590 ## - NOTA LOCAL (RLIN) |
| Nota local |
Inventariado, 2021 /LP<br/><br/> |
| 700 1# - PUNTO DE ACCESO ADICIONAL--NOMBRE DE PERSONA |
| Nombre de persona |
Solís Taveras, Lusnelda, |
| Término indicativo de función/relación |
prólogo |
| 9 (RLIN) |
79265 |
| 910 ## - DATOS DE OPCIÓN DEL USUARIO (OCLC) |
| Datos de opción del usuario |
Lpérez |
| 942 ## - ELEMENTOS DE PUNTO DE ACCESO ADICIONAL (KOHA) |
| Fuente del sistema de clasificación o colocación |
Dewey Decimal Classification |
| Tipo de ítem Koha |
Libro |